00889nam a2200277 4500003000400000005001700004008004100021020001500062040001800077041001400095050001700109100003900126245012900165264002700294300002800321336002200349337002400371338002400395500003400419650001900453650003300472700004200505710003500547942001200582999001700594OSt20260530113845.0260420b2007 sp a|||| |||| 00| 0 eng d a8496429318 aICIbspacICI 1aengh spa a NK1510bC35 1aCalmettes, Julien Martinez,93064310aPure designbobjects of desire cedited by Josep Maria Minguet ; text by Julien Martinez Calmettes ; tr., Babyl traducciones 1bMonsac2007aBarcelona a249 páginasc26.3 cm. atexto2rdacontent asin medio2rdamedia avolumen2rdacarrier aTexto en inglés y español 4aDiseño92672 4aComunicación visual930644 1aMinguet, Josep Maríaeeditor930645 2aBabyl traduccionesetr.930646 2ddccBK c11262d11262